Think/US 2012 (Record no. 113090)

MARC details
000 -LEADER
fixed length control field 00822cad a22001935a 4500
001 - CONTROL NUMBER
control field L154662
008 - FIXED-LENGTH DATA ELEMENTS--GENERAL INFORMATION
fixed length control field 120110s2012 xxk f 000 0 eng d
035 ## - SYSTEM CONTROL NUMBER
System control number (Sirsi) u154662
041 0# - LANGUAGE CODE
Language code of text/sound track or separate title eng
110 2# - MAIN ENTRY--CORPORATE NAME
Corporate name or jurisdiction name as entry element Henderson Research
9 (RLIN) 6002
245 00 - TITLE STATEMENT
Title Think/US 2012
Medium [electronic resource]
260 ## - PUBLICATION, DISTRIBUTION, ETC.
Place of publication, distribution, etc. [S.l.]
Name of publisher, distributor, etc. Henderson Global Investors
Date of publication, distribution, etc. 2012
520 ## - SUMMARY, ETC.
Summary, etc. Views prospects for United States residential property market in 2012. Market uncertainty will likely affect real estate price gains, as well as slowing property market recovery.
590 ## - LOCAL NOTE (RLIN)
Local note KA
651 #4 - SUBJECT ADDED ENTRY--GEOGRAPHIC NAME
Geographic name United States
Chronological subdivision 1959-
690 ## - LOCAL SUBJECT ADDED ENTRY--TOPICAL TERM (OCLC, RLIN)
Topical term or geographic name as entry element PROPERTY-RESIDENTIAL PROPERTY
856 40 - ELECTRONIC LOCATION AND ACCESS
Uniform Resource Identifier <a href="https://www.henderson.com/Documents/Library1/Institutional/Property/Research/article-2012-01-ThinkUS.pdf">https://www.henderson.com/Documents/Library1/Institutional/Property/Research/article-2012-01-ThinkUS.pdf</a>
Public note View the item free of charge at www.thedomain.co.uk
942 ## - ADDED ENTRY ELEMENTS (KOHA)
Suppress in OPAC 0
Holdings
Withdrawn status Lost status Source of classification or shelving scheme Damaged status Not for loan Home library Current library Shelving location Date acquired Total Checkouts Full call number Barcode Date last seen Copy number Price effective from Koha item type
    Dewey Decimal Classification     Virtual Virtual Online 10/01/2012   ONLINE PUBLICATION 154662-2001 06/08/2019 1 06/08/2019 Book